Presencia de dos monasterios catalanes en el arte de Andrés de Nájera / por Ernesto Zaragoza Pascual
Publicado:
San Jorge, núm. 96 - 97 (juliol 1976), pàg 33 - 40 :
MARC
| LEADER | 00000nam a2200000Ia 4500 | ||
|---|---|---|---|
| 001 | |||
| 008 | 160829s9999 xx 000 0 cat d | ||
| 100 | |a Zaragoza Pascual, Ernesto |9 41683 | ||
| 245 | |a Presencia de dos monasterios catalanes en el arte de Andrés de Nájera / por Ernesto Zaragoza Pascual | ||
| 260 | |a San Jorge, núm. 96 - 97 (juliol 1976), pàg 33 - 40 | ||
| 590 | |a Conté 13 fotografies | ||
| 650 | |a Cadirats de cor |x Valladolid |9 41684 | ||
| 650 | |a Montserrat (Monestir) |x En l'art |9 41685 | ||
| 650 | |a Monestir de Sant Fèlix (Sant Feliu de Guíxols) |x En l'art |9 41686 | ||
| 901 | |a Arxiu | ||
| 942 | |n 1 | ||
| 952 | |0 0 |1 0 |4 0 |7 1 |9 50368 |a Arxiu |b Arxiu |d 2016-12-01 |l 0 |r 2016-12-01 00:00:00 |w 2016-12-01 |y ARXIU | ||
| 999 | |c 54210 |d 54210 | ||